<?xml version="1.0" encoding="UTF-8"?>
<marc:record xmlns:marc="http://www.loc.gov/MARC21/slim">
   <marc:leader>00000nam a2200000 a 4500</marc:leader>
   <marc:datafield ind1="1" ind2=" " tag="100">
      <marc:subfield code="a">Elliott, Mink</marc:subfield>
      <marc:subfield code="4">aut</marc:subfield>
      <marc:subfield code="e">Verfasser/-in</marc:subfield>
   </marc:datafield>
   <marc:datafield ind1="1" ind2=" " tag="100">
      <marc:subfield code="a">Ingwersen, Jörn</marc:subfield>
      <marc:subfield code="4">trl</marc:subfield>
      <marc:subfield code="e">Übersetzer/-in</marc:subfield>
   </marc:datafield>
   <marc:datafield ind1="1" ind2=" " tag="100">
      <marc:subfield code="a">Elliott, Mink</marc:subfield>
   </marc:datafield>
   <marc:datafield ind1="0" ind2="0" tag="245">
      <marc:subfield code="a">Club der Rabenmütter</marc:subfield>
   </marc:datafield>
   <marc:datafield ind1="0" ind2="0" tag="245">
      <marc:subfield code="b">Roman</marc:subfield>
   </marc:datafield>
   <marc:datafield ind1="0" ind2="0" tag="245">
      <marc:subfield code="c">Mink Elliott. Übers. von Jörn Ingwersen</marc:subfield>
   </marc:datafield>
   <marc:datafield ind1=" " ind2="1" tag="264">
      <marc:subfield code="a">München</marc:subfield>
      <marc:subfield code="b">Goldmann</marc:subfield>
      <marc:subfield code="c">2011</marc:subfield>
   </marc:datafield>
   <marc:datafield ind1=" " ind2=" " tag="250">
      <marc:subfield code="a">Dt. Erstveröff., 1. Aufl.</marc:subfield>
   </marc:datafield>
   <marc:datafield ind1="1" ind2=" " tag="520">
      <marc:subfield code="a">Angaben aus der Verlagsmeldung

Der Club der Rabenmütter : Roman The Pissed-Off Parents Club / von Mink Elliott

Nach der Geburt ihrer Tochter wollte Roxy alles richtig machen: Aufs Land ziehen, an der frischen Luft mit anderen Mamis spazieren gehen und traute Abende mit ihrem Partner Jack verleben. Jetzt sitzt sie in einem baufälligen Haus in der Pampa, findet in der eingeschworenen Mama-Gemeinschaft keinen Anschluss, redet tagsüber mit niemandem außer ihrem Baby und fragt sich, ob sie eigentlich die einzige Mutter auf der Welt ist, die zuweilen das Mamisein ganz schön nervt. Also gründet sie einen „Club der Rabenmütter“, um Gleichgesinnte kennenzulernen – und bald stellt sich heraus: Sie ist nicht allein!

</marc:subfield>
   </marc:datafield>
   <marc:datafield ind1=" " ind2=" " tag="020">
      <marc:subfield code="a">9783442474882</marc:subfield>
      <marc:subfield code="9">9783442474882</marc:subfield>
   </marc:datafield>
   <marc:datafield ind1=" " ind2=" " tag="041">
      <marc:subfield code="a">ger</marc:subfield>
   </marc:datafield>
   <marc:datafield ind1=" " ind2=" " tag="300">
      <marc:subfield code="a">379 S.</marc:subfield>
   </marc:datafield>
</marc:record>
